000 00454nmm a2200169Ia 4500
008 251105s9999||||xx |||||||||||||||||und||
020 _a9788496601758
041 _aspa
100 _aQueiroz, Eça de
245 0 _aLa capital
264 _a[Madrid, España] :
_bFunambulista,
_c2009
300 _a420 páginas
490 _aGrandes clásicos
650 _aOther narratives
856 _uhttps://public.digitaliapublishing.com/a/20867
942 _cCF
999 _c90038
_d90038